Actors who worked with Terry Gilliam - Statistics

General Stats
  • This quiz has been taken 14 times
  • The average score is 23 of 102
Answer Stats
Film(s) Actor/Actress % Correct
12 Monkeys Brad Pitt
100%
12 Monkeys Bruce Willis
100%
Monty Python and the Holy Grail, Time Bandits John Cleese
92%
Fear and Loathing in Las Vegas, The Imaginarium of Doctor Parnassus Johnny Depp
92%
The Brothers Grimm, The Zero Theorem Matt Damon
83%
Brazil, 12 Monkeys Simon Jones
83%
Monty Python and the Holy Grail, Jabberwocky Terry Jones
83%
The Brothers Grimm, The Imaginarium of Doctor Parnassus Heath Ledger
75%
Monty Python and the Holy Grail, Jabberwocky, Time Bandits, Brazil Michael Palin
75%
The Fisher King Robin Williams
75%
Monty Python and the Holy Grail Graham Chapman
67%
Brazil Robert De Niro
67%
Monty Python and the Holy Grail, The Adventures of Baron Munchausen Eric Idle
58%
The Fisher King, Tideland Jeff Bridges
58%
Brazil, The Adventures of Baron Munchausen, The Brothers Grimm, The Man Who Killed Don Quixote Jonathan Pryce
58%
12 Monkeys, The Imaginarium of Doctor Parnassus Christopher Plummer
50%
The Imaginarium of Doctor Parnassus Colin Farrell
50%
The Man Who Killed Don Quixote Adam Driver
42%
The Fisher King Amanda Plummer
42%
Fear and Loathing in Las Vegas Tobey Maguire
42%
Fear and Loathing in Las Vegas, The Imaginarium of Doctor Parnassus Verne Troyer
42%
Fear and Loathing in Las Vegas Benicio del Toro
33%
The Zero Theorem Christoph Waltz
33%
The Imaginarium of Doctor Parnassus Jude Law
33%
The Imaginarium of Doctor Parnassus Andrew Garfield
25%
12 Monkeys David Morse
25%
Brazil Kim Greist
25%
The Brothers Grimm Lena Headey
25%
The Brothers Grimm Mackenzie Crook
25%
12 Monkeys Madeleine Stowe
25%
Time Bandits Sean Connery
25%
The Zero Theorem Tilda Swinton
25%
The Zero Theorem Ben Whishaw
17%
Fear and Loathing in Las Vegas Cameron Diaz
17%
Fear and Loathing in Las Vegas Christina Ricci
17%
Time Bandits, Brazil Jim Broadbent
17%
Time Bandits Kenny Baker
17%
Jabberwocky Neil Innes
17%
The Adventures of Baron Munchausen Sarah Polley
17%
The Adventures of Baron Munchausen Uma Thurman
17%
Jabberwocky Annette Badland
8%
Jabberwocky Bernard Bresslaw
8%
Brazil Bob Hoskins
8%
Tideland Brendan Fletcher
8%
The Fisher King Christian Clemenson
8%
12 Monkeys, Fear and Loathing in Las Vegas Christopher Meloni
8%
Time Bandits Craig Warnock
8%
The Fisher King David Hyde Pierce
8%
Jabberwocky David Prowse
8%
Time Bandits David Rappaport
8%
The Zero Theorem David Thewlis
8%
Time Bandits David Warner
8%
Fear and Loathing in Las Vegas Debbie Reynolds
8%
Fear and Loathing in Las Vegas Ellen Barkin
8%
Fear and Loathing in Las Vegas Gary Busey
8%
The Imaginarium of Doctor Parnassus, The Zero Theorem Gwendoline Christie
8%
Fear and Loathing in Las Vegas Harry Dean Stanton
8%
Jabberwocky Harry H. Corbett
8%
The Fisher King Harry Shearer
8%
Time Bandits, Brazil Ian Holm
8%
Brazil Ian Richardson
8%
Time Bandits Jack Purvis
8%
Tideland Janet McTeer
8%
The Man Who Killed Don Quixote Jason Watkins
8%
Tideland Jennifer Tilly
8%
The Man Who Killed Don Quixote Joana Ribeiro
8%
Tideland Jodelle Ferland
8%
Jabberwocky John Bird
8%
The Adventures of Baron Munchausen John Neville
8%
12 Monkeys Jon Seda
8%
Time Bandits, Brazil, Fear and Loathing in Las Vegas Katherine Helmond
8%
The Imaginarium of Doctor Parnassus, The Zero Theorem Lily Cole
8%
The Zero Theorem Lucas Hedges
8%
Time Bandits Malcolm Dixon
8%
Fear and Loathing in Las Vegas Mark Harmon
8%
Jabberwocky Max Wall
8%
The Zero Theorem Mélanie Thierry
8%
The Fisher King Mercedes Ruehl
8%
The Fisher King, Fear and Loathing in Las Vegas Michael Jeter
8%
Time Bandits Mike Edmonds
8%
The Brothers Grimm Monica Bellucci
8%
The Man Who Killed Don Quixote Olga Kurylenko
8%
The Adventures of Baron Munchausen Oliver Reed
8%
The Imaginarium of Doctor Parnassus Paloma Faith
8%
The Brothers Grimm, The Imaginarium of Doctor Parnassus, The Zero Theorem Peter Stormare
8%
Time Bandits Ralph Richardson
8%
Brazil, The Adventures of Baron Munchausen, The Zero Theorem, Ray Cooper
8%
Jabberwocky Rodney Bewes
8%
The Zero Theorem Rupert Friend
8%
Time Bandits Shelley Duvall
8%
The Man Who Killed Don Quixote Stellan Skarsgård
8%
The Fisher King, The Imaginarium of Doctor Parnassus Tom Waits
8%
Jabberwocky Warren Mitchell
8%
Jabberwocky, Time Bandits, Brazil Derrick O'Connor
0%
The Fisher King John de Lancie
0%
Jabberwocky John Le Mesurier
0%
Monty Python and the Holy Grail, Time Bandits John Young
0%
Time Bandits, Brazil Peter Vaughan
0%
Fear and Loathing in Las Vegas Richard Riehle
0%
The Zero Theorem Sanjeev Bhaskar
0%
Time Bandits Tony Jay
0%
The Adventures of Baron Munchausen Valentina Cortese
0%
No matching quizzes found
Score Distribution
Percent of People with Each Score
Percentile by Number Answered
Your Score History
You have not taken this quiz